Štúdium spektrálnych vlastností výtlačkov laserových tlačiarní vo forenznej, kriminalisticko-technickej analýze dokumentov

Enregistré dans:
Détails bibliographiques
Auteur principal: Miháliková, Lucia (Auteur)
Autres auteurs: Čeppan, Michal (Directeur de thèse)
Format: Manuscrit Livre
Langue:slovaque
Publié: 2018
Sujets:
Accès en ligne:http://is.stuba.sk/zp/portal_zp.pl?podrobnosti=118561
Tags: Ajouter un tag
Pas de tags, Soyez le premier à ajouter un tag!

MARC

LEADER 00000ntm a22000003a 4500
001 stuzp69872
003 SK-STU
005 20180623211126.0
007 ta
008 150427s2015----xo-----f-mn---000-0-slo-d
040 |a STU  |b slo 
041 0 |a slo 
100 1 |a Miháliková, Lucia  |u 049160  |4 aut  |U FCHPT Ústav prírodných a syntetických polymérov  |T FCHPT Oddelenie polygrafie a aplikovanej fotochémie  |X 76401  |U C9160  |Y 127  |7 76401 
242 0 1 |a Study of Spectral Properties of Laser Jet Prints in Forensic Analysis of Documents  |y eng 
245 1 0 |a Štúdium spektrálnych vlastností výtlačkov laserových tlačiarní vo forenznej, kriminalisticko-technickej analýze dokumentov 
260 |c 2018 
650 4 |a starnutie dokumentov  |2 slo 
650 4 |a laserová tlač  |2 slo 
650 4 |a farebná tlač  |2 slo 
650 4 |a FTIR  |2 slo 
650 4 |a spektroskopia  |2 slo 
650 4 |a laser printing  |2 eng 
650 4 |a document aging  |2 eng 
650 4 |a color printing  |2 eng 
650 4 |a FTIR  |2 eng 
650 4 |a spectroscopy  |2 eng 
700 1 |a Čeppan, Michal  |u 049160  |k Z1  |4 ths  |U FCHPT Ústav prírodných a syntetických polymérov  |T FCHPT Oddelenie polygrafie a aplikovanej fotochémie  |X 3317  |U C9160  |Y 127  |7 A000003317 
856 4 |u http://is.stuba.sk/zp/portal_zp.pl?podrobnosti=118561